1399 1618 1395 1957 1190 1681 1455 1166 1453 1023 1099 1066 1937 1954 1583 1241 1762 1072 1826 1135 1446 1765 1894 1496 1310 1966 1494 1617 1310 1843 1588 1876 1943 1506 1978 1785 1458 1324 1479 1698 1340 1199 1695 1265 1388 1899 1191 1326 1722 1903 1474 1123 1235 1283 1267 1503 1644 1441 1520 1345 1815 1884 1017 1140 1041 1439 1730 1446 1009 1678 1711 1884 1885 1694 1031 1311 1282 1853 1404 1040 1036 1960 1042 1730 1136 1329 1590 1201 1538 1878 1935 1417 1383 1517 1263 1231 1037 1065 1598 BCNSPRNW ULIB Ver.6.0+V

เปลี่ยนเป็นภาษาไทย

Change to English
 แสดงรายละเอียดบรรณานุกรม
  กลับหน้าหลัก

Brief Record : Get Marc (ISO 2709) : E-mail record : QR code < ปิดหน้าต่าง
LEADER : 00000nam a2200000Ia 4500
001    13399113703
003     ULIB
008    110504s2554 th a 000 0 tha d
020    ^a9789740327363
050  4 ^aPL4167^bจ118ก
100 0  ^aจงจิต (กล้วยไม้) นิมมานนรเทพ
245 10 ^aกาพย์ช่วยจำคำที่มักใช้ผิด /^cจงจิต (กล้วยไม้) นิมมานนรเทพ
246 30 ^aคำที่มักใช้ผิด
250    ^aพิมพ์ครั้งที่ 2
260    ^aกรุงเทพฯ :^bสำนักพิมพ์แห่งจุฬาลงกรณ์มหาวิทยาลัย,^c2554
300    ^a99 หน้า :^bภาพประกอบ ;^c22 ซม.
650  4 ^aภาษาไทย^xการใช้ภาษา
650  4 ^aภาษาไทย^xตัวสะกด
650  4 ^aภาษาไทย^xคำศัพท์
945    ^p75^l0^i030833
945    ^p75^l0^i030834
995    ^aเกษร
999 ^a ใช้งานได้ทุกระบบ
รายการนี้ยังไม่มีแท็ก
คุณยังไม่ได้ล็อกอิน คุณสามารถมีกิจกรรมร่วมกับเว็บไซต์ได้ แต่ต้องล็อกอินก่อน ::
  ล็อกอิน

รายการสื่อสารสนเทศ

ลำดับที่ ประเภท เลขเรียก/บาร์โค้ด สถานที่ สถานะ
- ไม่พบข้อมูล -

รายการใกล้เคียง
    ผู้แต่ง [จงจิต (กล้วยไม้) นิมมานนรเทพ]

BibComment


ยังไม่เคยถูกคอมเมนท์

คอมเมนท์ทรัพยากรรายการนี้
  คอมเมนท์: กาพย์ช่วยจำคำที่..


 Copyright 2026. Bcnsprnw @Library